00711 a2200109 4500020001800000020001500018082001500033245043000048260006300478300002900541650003100570 a9780784409329 a0784409323 a629.04 ASC aInternational Conference on Transportation Engineering 2007 :bproceedings of the first international Conference, July 22-24, 2007, Southwest Jiaotong University, Chengdu, China /csponsored by China Communications and Transportation Association, Transportation & Development Institute (T&DI) of the American Society of Civil Engineers, Mao Yisheng Science and Technology Education Fund ; edited by, Qiyuan Peng ... [et al.]. aReston, Va. :bAmerican Society of Civil Engineers,c2007. a4229P. :bill. ;c22 cm. aTransportation engineering